| 000 | 01208nam a2200289 i 4500 | ||
|---|---|---|---|
| 003 | DO-SdBNP | ||
| 005 | 20250602115143.0 | ||
| 007 | ta | ||
| 008 | 250528b2024 dr ||||| |||| 00| 0 spa d | ||
| 020 | _a9789945649369 | ||
| 040 |
_aDO-SdBNP _bspa _cBNPHU _erda |
||
| 041 | _aspa | ||
| 082 | 4 |
_axxx _bP857p _222 |
|
| 100 | 1 |
_aPosth Cafferata, Erika _eautor _4aut. _987578 |
|
| 245 | 1 | 3 |
_aEl primer año del resto de mi duelo / _cErika Posth Cafferata : corrección de estilo, Mary Pérez. |
| 250 | _aPrimera edición | ||
| 264 | 4 |
_aSanto Domingo, República Dominicana : _bPrintbarato, Layoot & Printing, S.R.L, _c©2024. |
|
| 300 |
_a188 páginas ; _c22 cm. |
||
| 336 |
_atexto _btxt _2rdacontent |
||
| 337 |
_asin mediación _bn _2rdamedia |
||
| 338 |
_avolumen _bnc _2rdacarrier |
||
| 505 | _aDedicatoria. -- El último día. -- A David se lo llevó el Señor. -- ¿No había otra forma? -- El primer día del resto de mis días. -- El adiós. -- La ayuda idónea. -- La gente y sus necesidades. -- El bálsamo. -- El quiebre. -- La reconciliación. -- Abrir los ojos. | ||
| 590 | _aInventariado, 2025 /LP | ||
| 700 | 1 |
_aPérez, Mary, _ecorrector _4corr. _978164 |
|
| 910 | _aLP | ||
| 942 |
_2ddc _cLBS1 |
||
| 999 |
_c58863 _d58863 |
||